000 00442nam a2200169Ia 4500
008 230711s9999||||xx |||||||||||||| ||und||
041 _aENG
082 _a690
_bEV-F
100 _aEvett,JB
245 0 _a2500 solved problems in fluid mechanics and hydraulics
250 _a1st . Ed.
260 _c2004
_aNew Delhi
_bTata McGraw Hill Education Limited
300 _a797
650 _aMechanical Engineering
700 _aLiu,C
942 _cBK
999 _c4573
_d4573